El trabajo en Grecia y Roma / (Record no. 107716)

MARC details
000 -LEADER
campo de control de longitud fija 00490nam a2200169 4500
001 - NÚMERO DE CONTROL
campo de control 107716
003 - IDENTIFICADOR DE NÚMERO DE CONTROL
campo de control ES-MaACL
007 - CAMPO FIJO DE DESCRIPCIÓN FÍSICA--INFORMACIÓN GENERAL
campo de control de longitud fija t|
008 - DATOS DE LONGITUD FIJA--INFORMACIÓN GENERAL
campo de control de longitud fija 061121s1980 sp r ||||1| spa d
100 1# - ENTRADA PRINCIPAL--NOMBRE DE PERSONA
Nombre de persona Mosse, Claude.
9 (RLIN) 193541
245 13 - MENCIÓN DEL TÍTULO
Título El trabajo en Grecia y Roma /
Mención de responsabilidad, etc. Claude Mosse; traducción Carlos Taibo.
260 ## - PUBLICACIÓN, DISTRIBUCIÓN, ETC.
Lugar de publicación, distribución, etc. Madrid :
Nombre del editor, distribuidor, etc. Akal,
Fecha de publicación, distribución, etc. 1980.
300 ## - DESCRIPCIÓN FÍSICA
Extensión 178 p. ;
Dimensiones 17 cm.
700 1# - ENTRADA AGREGADA--NOMBRE PERSONAL
Nombre de persona Taibo, Carlos,
Fechas asociadas al nombre 1965-
9 (RLIN) 242581
852 ## - LOCALIZACIÓN
Ubicación ES-MaACL
Número de control de estantería G-13227
Sublocalización o colección R.101099
Holdings
Estatus retirado Estado de pérdida Estado de daño No para préstamo Biblioteca de origen Biblioteca actual Ubicación en estantería Fecha de adquisición Fuente de adquisición Total de préstamos Signatura topográfica completa Código de barras Visto por última vez Precio de reemplazo Tipo de ítem Koha
        Biblioteca del Ateneo de Madrid Biblioteca del Ateneo de Madrid Sala Pecera Planta 3 17/01/2008     G-13227 1112417 23/02/2023 23/02/2023 Libro impreso